000 00657nam a2200265Ia 4500
003 OSt
005 20220912150949.0
006 a|||||r|||| 00| 0
007 ta
008 220909b |||||||| |||| 00| 0 eng d
024 _a32344
037 _cTextual
040 _aCSL
_beng
_cCSL
041 _aeng
082 _aCM, K5.1
100 _aBrush S G
245 0 _aKinetic theory
260 _aOxford
_bPergamon Press
_c1965
300 _axi, 181p.
_ccm.
490 _aCommonwealth and international library
650 _a Relativity
650 _aPhysics
942 _hCM, K5.1
_cTEXL
_2CC
999 _c58300
_d58300